1292 1875 1685 1263 1812 1395 1319 1325 1616 1565 1691 1927 1281 1060 1844 1430 1847 1529 1074 1210 1935 1663 1051 1123 1861 1250 1138 1940 1446 1460 1102 1426 1195 1481 1748 1155 1297 1936 1806 1016 1747 1217 1445 1305 1157 1181 1655 1210 1564 1119 1383 1994 1093 1029 1989 1565 1313 1620 1940 1650 1691 1358 1439 1195 1258 1314 1589 1321 1236 1581 1397 1961 1928 1468 1506 1965 1950 1542 1890 1392 1050 1790 1013 1322 1462 1474 1047 1569 1014 1842 1155 1717 1128 1494 1996 1166 1591 1685 1066 BCNSPRNW ULIB Ver.6.0+V

เปลี่ยนเป็นภาษาไทย

Change to English
 แสดงรายละเอียดบรรณานุกรม
  กลับหน้าหลัก

Brief Record : Get Marc (ISO 2709) : E-mail record : QR code < ปิดหน้าต่าง
LEADER : 00000nam 2200000uu 4500
001    13399113113
003     ULIB
008    110927s2551||||th 000 0 tha d
020    9789749796917
050 04 PL4189^bพ993ส 2551
100 0  ไพโรจน์ อยู่มณเฑียร
245 10 สำนวนไทยใช้ให้เป็น /^cโดย ไพโรจน์ อยู่มณเฑียร
250    พิมพ์ครั้งที่ 5
260    กรุงเทพฯ :^bทฤษฎี,^c2551
300    183 หน้า ;^c18 ซม
650  7 สุภาษิตและคำพังเพยไทย
650  7 ภาษาไทย^xสำนวนโวหาร
945    ^p90^l0^i024852
945    ^p90^l0^i024853
995    ทศพร
999 ^a ทศพร
รายการนี้ยังไม่มีแท็ก
คุณยังไม่ได้ล็อกอิน คุณสามารถมีกิจกรรมร่วมกับเว็บไซต์ได้ แต่ต้องล็อกอินก่อน ::
  ล็อกอิน

รายการสื่อสารสนเทศ

ลำดับที่ ประเภท เลขเรียก/บาร์โค้ด สถานที่ สถานะ
- ไม่พบข้อมูล -

รายการใกล้เคียง
    ผู้แต่ง [ไพโรจน์ อยู่มณเฑียร]

    หัวเรื่อง [สุภาษิตและคำพังเพยไทย]

BibComment


ยังไม่เคยถูกคอมเมนท์

คอมเมนท์ทรัพยากรรายการนี้
  คอมเมนท์: สำนวนไทยใช้ให้เป็..


 Copyright 2026. Bcnsprnw @Library